000 00630nam a2200181Ia 4500
008 151018s9999 xx 000 0 und d
082 _bRBASDV60398
_a891.433
100 _aमालती प्रकाश
245 _aक्या चांद पानी भरेगा
250 _b1
260 _bअभिव्यक्ती
_c2012
300 _a104
600 _aमालती प्रकाश
630 _aक्या चांद पानी भरेगा
700 _aमालती प्रकाश
730 _aक्या चांद पानी भरेगा
942 _cBOOK
999 _c1053933
_d1053930